Higher Superstition : The Academic Left and Its Quarrels with Science /

Guardado en:
Bibliografiske detaljer
Hovedforfatter: Gross, Paul R. (autor)
Andre forfattere: Levitt, Norman (autor) (autor)
Format: Bog
Sprog:engelsk
Udgivet: Baltimore, EUA : Johns Hopkins University, 1998, c1998
Tags: Tilføj Tag
Ingen Tags, Vær først til at tagge denne postø!

MARC

LEADER 00000nam^a2200000^a^4500
001 000578421
005 20250521000000.0
009 20260310132508.272
020 |a 0-8018-5707-4 
037 |a Acervo ITESO - Biblioteca 
041 |a ING 
091 |a FLG. 00380 
100 |a Gross, Paul R.  |e (autor) 
245 1 0 |a Higher Superstition :  |b The Academic Left and Its Quarrels with Science / 
264 4 |a Baltimore, EUA :  |b Johns Hopkins University,  |c 1998, c1998 
300 |a XV, 328 p. 
336 |a texto  |b txt  |2 rdacontenido 
337 |a sin mediación  |b n  |2 rdamedio 
338 |a volumen  |b nc  |2 rdasoporte 
649 |a XX 
700 |a Levitt, Norman  |e (autor) 
910 |a Fondo Luis González de Alba 
920 |a Impresos - Libros 
930 |a Fondos Especiales 
905 |a 141 
901 |a 0500397393  |b IT2  |c ESP  |i D103384  |u 20250521 
902 |a https://opac.biblio.iteso.mx/vufind/Record/000578421